000 00583nam a2200241Ia 4500
003 OSt
005 20220912152035.0
006 a|||||r|||| 00| 0
007 ta
008 220909b |||||||| |||| 00| 0 eng d
024 _a61216
037 _cTextual
040 _aCSL
_beng
_cCSL
041 _aeng
082 _aAv2sA, J9
100 _aMehta Dharma Deva
245 0 _aSome positive sciences in the vedas
260 _c1959
300 _ap.
_ccm.
650 _aIndian science
942 _hAv2sA, J9
_cTEXL
_2CC
999 _c79636
_d79636